01340nam a2200253 a 450000100100000000500170001000800410002704000250006808200210009310000530011424500680016726000360023530000270027159000260029865000270032465000310035191000410038295201340042395201340055795201340069195201190082595201250094499900170106900001260320240530073914.0091113s1996 dr a 000 f spa d aDO-SdBNPbspacBNPHU aRD863.44bP438do1 aPérez Espinal, Fernando Esteban,d1951-92930010aDos rostros y una realidad /cFernando Esteban Pérez Espinal. aSanto Domingo :bTaller,c1996. a94 p. :bil. ;c21 cm. aInventariado, 2020/VM 0aNovela dominicana9223 0aLiteratura dominicana.967 aValidado. Control de calidad MMOLINA 001054708DSaGRbGRcHDd2009-11-13iLF1l0oRD863.44 P438dop12603-30r2020-06-25te. 3w2020-06-25yLFDSZPréstamo en sala 001054708DSaGRbGRcHDd2009-11-13iLF1l0oRD863.44 P438dop12603-40r2020-06-25te. 4w2020-06-25yLFDSZPréstamo en sala 001054708DSaGRbGRcHDd2015-04-15iLF1l0oRD863.44 P438dop12603-50r2020-06-25te. 5w2020-06-25yLFDSZPréstamo en sala 0010718PDaPDbPDcHDd2009-11-13iLF1l0oRD863.44 P438dop12603-10r2020-06-25w2020-06-25yLFPDZNo se presta 0010718PDaPDbPDcHDd2009-11-13iLF1l0oRD863.44 P438dop12603-20r2020-06-25te. 2w2020-06-25yLFPDZNo se presta c12258d12258